On the shores of Bab al-Mandab : Soviet diplomacy and regional dynamics /

Bibliographic Details
Main Author: Novik, Nimrod, 1946-
Format: Book
Language:English
Published: Philadelphia : Foreign Policy Research Institute, [1979]
Series:Monograph series (Foreign Policy Research Institute) ; no. 26.
Subjects:

MARC

Tag First Indicator Second Indicator Subfields
LEADER 00000cam a22000008i 4500
001 in00000323939
005 20151011050617.0
008 790108s1979 pau b 00010 eng
010 |a  79000141  
035 |a (OCoLC)04591459 
035 |9 ABK2483AM 
040 |a DLC  |c DLC  |d TXA  |d UtOrBLW 
043 |a e-ur---  |a mr----- 
049 |a TXAM  |c [977513] 
050 0 0 |a DT39  |b .N68 
082 0 |a 327.47/053/3 
100 1 |a Novik, Nimrod,  |d 1946- 
245 1 0 |a On the shores of Bab al-Mandab :  |b Soviet diplomacy and regional dynamics /  |c Nimrod Novik. 
263 |a 7901 
264 1 |a Philadelphia :  |b Foreign Policy Research Institute,  |c [1979] 
264 4 |c ©1979 
300 |a viii, 82 pages ;  |c 23 cm. 
336 |a text  |b txt  |2 rdacontent 
337 |a unmediated  |b n  |2 rdamedia 
338 |a volume  |b nc  |2 rdacarrier 
490 1 |a Monograph - Foreign Policy Research Institute ; no. 26 
500 |a "Study is part of William R. Kintner's (editor) forthcoming volume on Soviet policy along the Black Sea --Vladivostok maritime route." 
504 |a Includes bibliographical references. 
651 0 |a Red Sea Region  |x Foreign relations  |z Soviet Union. 
651 0 |a Soviet Union  |x Foreign relations  |z Red Sea Region. 
651 0 |a Red Sea Region  |x Politics and government. 
830 0 |a Monograph series (Foreign Policy Research Institute) ;  |v no. 26. 
999 |a MARS 
999 f f |s bed00e2e-3c42-386b-a9c5-56394b908e73  |i f59e3acd-5732-368f-a5e2-ebc58361d5c2  |t 0 
952 f f |p ric  |a Texas A&M University  |b Rellis Campus  |c Joint Library Facility  |d Remote Storage  |t 0  |e DT39 .N68  |h Library of Congress classification  |i unmediated -- volume  |m A14802085891 
998 f f |a DT39 .N68  |t 0  |l Remote Storage